000 00463nam a2200181Ia 4500
001 13611
005 20260306164814.0
008 260306t2001||||xx |||||||||||||| ||spa||
041 _aESP
082 _a005.1
_bH36
100 _aHeineman, George T.
_eAUT
245 0 _aComponent-based software engineering:
_bputting the pieces together
260 _c2001
300 _a818 páginas :
_c24 cm.
650 _aGEN
654 _aCCC
942 _cLIB
_dJUS
_fJUS
_2ddc
_n
999 _c13611
_d13611